| 000 | 00492nam a22001697a 4500 | ||
|---|---|---|---|
| 003 | OSt | ||
| 008 | 241023b |||||||| |||| 00| 0 eng d | ||
| 020 | _a9781782215943 | ||
| 082 | _a753.4 MAE | ||
| 100 | _aMARTIN, Judy | ||
| 245 | _aEncyclopedia of Pastel Techniques: A Unique Visual Directory of Pastel Painting Techniques, With Guidance On How To Use Them | ||
| 250 | _aReprint, | ||
| 260 |
_aLondon, _bSearch Press, _c2021, |
||
| 300 | _a176 p. | ||
| 650 | _aB.FAD. | ||
| 942 |
_2ddc _cREF |
||
| 999 |
_c12961 _d12961 |
||